00372nam a2200145Ia 4500008004100000082000800041100002500049245004100074250000600115260003700121300001100158500002400169650001500193700001800208230524s9999 xx 000 0 und d bBEH aGopal Krushna Behera 0aNetwork Theory: Analysis & Synthesis a4 aNew DelhibU.G.Publicationc2008 a11.1p; aQuantity Number: 1 aElectrical aLopamudra Das